000 00383nam a2200157Ia 4500
003 0STCL
008 150530s9999 xx 000 0 und d
040 _aSTCL
_cSTCL
100 _aJohnson; Banerjee, S.K.; Editor
245 _aJohnson life of milton
260 _bLakshmi Narain Agarwal
_c1960
546 _aEnglish
942 _2ddc
_cBK
999 _c60447
_d60447
005 20220125171135.0